Principios basicos de tributacion internacional / (Registro nro. 19407)

Detalles MARC
000 -LEADER
fixed length control field 01123nam a2200289 4500
001 - CONTROL NUMBER
control field 0000023586
003 - CONTROL NUMBER IDENTIFIER
control field CO-CtgCURN
005 - DATE AND TIME OF LATEST TRANSACTION
control field 20250331184429.0
007 - PHYSICAL DESCRIPTION FIXED FIELD--GENERAL INFORMATION
fixed length control field ta
008 - FIXED-LENGTH DATA ELEMENTS--GENERAL INFORMATION
fixed length control field 160627s2008 000 0 eng d
020 ## - INTERNATIONAL STANDARD BOOK NUMBER
International Standard Book Number 9586537391
040 ## - CATALOGING SOURCE
Original cataloging agency CO-CtgCURN
Language of cataloging spa
Transcribing agency coctgcurn
082 0# - DEWEY DECIMAL CLASSIFICATION NUMBER
Classification number 343.0526
Item number R636
100 1# - MAIN ENTRY--PERSONAL NAME
Personal name Rohatgi, Roy.
245 10 - TITLE STATEMENT
Title Principios basicos de tributacion internacional /
Statement of responsibility, etc. Roy Rohatgi, traducción de Juan Manuel Idrovo.
260 ## - PUBLICATION, DISTRIBUTION, ETC.
Place of publication, distribution, etc. Bogotá :
Name of publisher, distributor, etc. Legis,
Date of publication, distribution, etc. 2008.
300 ## - PHYSICAL DESCRIPTION
Extent 699 p.
336 ## - CONTENT TYPE
Source rdacontent
337 ## - MEDIA TYPE
Source rdamedia
Media type term sin mediacion
Media type code n
338 ## - CARRIER TYPE
Source rdacarrier
Carrier type term volumen
Carrier type code nc
505 8# - FORMATTED CONTENTS NOTE
Formatted contents note Una vision general de la tributacion internacional.--Principios de derecho tributario internacional.--Modelos de convenciones para evitar la doble tributacion.--Impactos de los sistemas tributarios internos.--Glosario de terminos de tributacion internacional
650 14 - SUBJECT ADDED ENTRY--TOPICAL TERM
Topical term or geographic name entry element Impuestos sobre las rentas.
700 1# - ADDED ENTRY--PERSONAL NAME
Personal name Idrovo, Juan Manuel.
908 ## - PUT COMMAND PARAMETER (RLIN)
Put command parameter 160627
942 ## - ADDED ENTRY ELEMENTS (KOHA)
Koha item type Libros
Classification part 343.0526
Item part R636
Source of classification or shelving scheme Dewey Decimal Classification
Existencias
Withdrawn status Lost status Source of classification or shelving scheme Damaged status Not for loan Collection Home library Current library Shelving location Date acquired Inventory number Total checkouts Full call number Barcode Date last seen Copy number Price effective from Koha item type Public note
    Dewey Decimal Classification     General Miguel Henríquez Castañeda Miguel Henríquez Castañeda General 03/31/2025 016535   343.0526 R636 016535 03/31/2025 ej.1 03/31/2025 Libros 340-DEREC